书目信息 |
| 题名: |
高中物理学生实验报告册
|
|
| 作者: | 黄福松 主编 | |
| 分册: | ||
| 出版信息: | 南京 江苏凤凰美术出版社 2018.1 |
|
| 页数: | 160页 | |
| 开本: | 24cm | |
| 丛书名: | ||
| 单 册: | ||
| 中图分类: | G634.73 | |
| 科图分类: | ||
| 主题词: | 中学物理课--高中--实验报告 | |
| 电子资源: | ||
| ISBN: | 978-7-5580-4046-7 | |
| 000 | 00941nam0 2200229 45 | |
| 001 | 012001002776 | |
| 005 | 20130124092635.0 | |
| 010 | @a978-7-5580-4046-7@dCNY42.00 | |
| 100 | @a20181030d2018 em y0chiy0110 ea | |
| 101 | 0 | @achi |
| 102 | @aCN@b320000 | |
| 105 | @ay z 000yy | |
| 106 | @ar | |
| 200 | 1 | @a高中物理学生实验报告册@9gao zhong wu li xue sheng shi yan bao gao ce@f黄福松主编 |
| 210 | @a南京@c江苏凤凰美术出版社@d2018.1 | |
| 215 | @a160页@d24cm | |
| 330 | @a本书内容简洁明了,扎实、实用,对教师的教、学生的学具有启发性、创新性、引领性,对物理的教与学具有一定的开拓性。本书内容涉及实验原理的理解,实验目标的把握,实验仪器的选择与使用,实验步骤的逻辑理解,实验数据的记录、处理,通过提高学生的思维能力达到创新的效果,同时提高学生的创新意识。 | |
| 606 | 0 | @a中学物理课@x高中@x实验报告 |
| 690 | @aG634.73@v5 | |
| 701 | 0 | @a黄福松@9huang fu song@4主编 |
| 801 | 0 | @aCN@b江苏凤凰@c20191020 |
| 905 | @b1216388-91@dG634.73@e1395@f4 | |
| 高中物理学生实验报告册/黄福松主编.-南京:江苏凤凰美术出版社,2018.1 |
| 160页;24cm |
| ISBN 978-7-5580-4046-7:CNY42.00 |
| 本书内容简洁明了,扎实、实用,对教师的教、学生的学具有启发性、创新性、引领性,对物理的教与学具有一定的开拓性。本书内容涉及实验原理的理解,实验目标的把握,实验仪器的选择与使用,实验步骤的逻辑理解,实验数据的记录、处理,通过提高学生的思维能力达到创新的效果,同时提高学生的创新意识。 |
| ● |
| 相关链接 |
|
|
|
|
正题名:高中物理学生实验报告册
索取号:G634.73/1395
 
预约/预借
| 序号 | 登录号 | 条形码 | 馆藏地/架位号 | 状态 | 备注 |
| 1 | 1216388 | 212163889 | 第一样本阅览室/ [索取号:G634.73/1395] | 在馆 | |
| 2 | 1216389 | 212163898 | 教育系资料室/ [索取号:G634.73/1395] | 在馆 | |
| 3 | 1216390 | 212163905 | 教育系资料室/ [索取号:G634.73/1395] | 在馆 | |
| 4 | 1216391 | 212163914 | 第四借阅区/ [索取号:G634.73/1395] | 在馆 |